|
|
|
|
| LEADER |
00000naa2a2200000 4500 |
| 001 |
603483 |
| 005 |
20260209161834.0 |
| 035 |
|
|
|a (RuTPU)RU\TPU\conf\667
|
| 035 |
|
|
|a RU\TPU\conf\666
|
| 090 |
|
|
|a 603483
|
| 100 |
|
|
|a 20140117d2013 k y0rusy50 ca
|
| 101 |
0 |
|
|a rus
|
| 102 |
|
|
|a RU
|
| 135 |
|
|
|a drnn ---uucaa
|
| 181 |
|
0 |
|a i
|
| 182 |
|
0 |
|a b
|
| 200 |
1 |
|
|a Математическое моделирование распространения двумерного фронта верхового лесного пожара
|f В. А. Перминов, Е. С. Хапова, Е. А. Халдина
|g науч. рук. В. А. Перминов
|
| 203 |
|
|
|a Текст
|c электронный
|
| 225 |
1 |
|
|a Современные системы и технологии в неразрушающем контроле
|
| 300 |
|
|
|a Заглавие с титульного экрана
|
| 320 |
|
|
|a [Библиогр.: с. 227 (1 назв.)]
|
| 337 |
|
|
|a Adobe Reader
|
| 461 |
|
1 |
|0 (RuTPU)RU\TPU\conf\33
|t Неразрушающий контроль: электронное приборостроение, технологии, безопасность
|o сборник трудов III Всероссийской научно-практической конференции студентов, аспирантов и молодых учёных, Томск, 27-31 мая 2013 г.
|o в 2 т.
|f Национальный исследовательский Томский политехнический университет (ТПУ)
|d 2013
|
| 463 |
|
1 |
|0 (RuTPU)RU\TPU\conf\35
|t Т. 2
|v [С. 223-227]
|d 2013
|
| 610 |
1 |
|
|a труды учёных ТПУ
|
| 610 |
1 |
|
|a электронный ресурс
|
| 610 |
1 |
|
|a математическое моделирование
|
| 610 |
1 |
|
|a верховые пожары
|
| 610 |
1 |
|
|a лесные пожары
|
| 610 |
1 |
|
|a тепломассоперенос
|
| 700 |
|
1 |
|a Перминов
|b В. А.
|c специалист в области экологии и безопасности жизнедеятельности
|c профессор Томского политехнического университета, доктор физико-математических наук
|f 1958-
|g Валерий Афанасьевич
|3 (RuTPU)RU\TPU\pers\30888
|9 15133
|
| 701 |
|
1 |
|a Хапова
|b Е. С.
|
| 701 |
|
1 |
|a Халдина
|b Е. А.
|
| 702 |
|
1 |
|a Перминов
|b В. А.
|c специалист в области экологии и безопасности жизнедеятельности
|c доцент Томского политехнического университета, доктор физико-математических наук
|f 1958-
|g Валерий Афанасьевич
|4 727
|
| 712 |
0 |
2 |
|a Национальный исследовательский Томский политехнический университет (ТПУ)
|b Институт неразрушающего контроля (ИНК)
|b Кафедра экологии и безопасности жизнедеятельности (ЭБЖ)
|3 (RuTPU)RU\TPU\col\18720
|
| 801 |
|
2 |
|a RU
|b 63413507
|c 20230522
|g RCR
|
| 856 |
4 |
|
|u http://www.lib.tpu.ru/fulltext/c/2013/C36/V2/071.pdf
|
| 942 |
|
|
|c CF
|